000 00367nam a2200157Ia 4500
003 OSt
005 20240115125718.0
008 170523s9999 xx 000 0 und d
020 _a9789384961633
040 _cIIMT UNIVERSITY
100 _aTAYLOR- SHIRLEY
245 0 _aCOMMUNICATION FOR BUSINESS
260 _bPEARSON EDU ASIA
260 _c2004
942 _2ddc
_c06
999 _c1139
_d1139